000 00525 a2200193 4500
005 20240221104745.0
008 240221b |||||||| |||| 00| 0 eng d
020 _a978121901314
_cRs. 895.00
040 _aMAIN
082 _a625.7
_bS23P(3)
100 _aSharma, S K
245 _aPrinciples, practice and design of highway engineering: Including airport pavements
250 _a3rd
260 _bS Chand
_a2023
_cNoida
300 _axx, 907
650 _aEngineering
650 _aHighway Engineering
942 _cBK
999 _c312552
_d312552